LEADER 00997nam a2200241 i 4500 001 000000107961 003 CaOOAMICUS 005 20170926000000.0 008 170926s1966 it u000 u ita u 013 $a80516 040 $aSeMil$bita 100 1 $aTerracini, Benvenuto.$0(OLS)http://semarc/name/58757 245 10$aAnalisi stilistica :$bteoria, storia, problemi /$cBenvenuto Terracini. 260 $aMilano :$bFeltrinelli,$c1966. 300 $a413 p. ;$c23 cm. 490 0 $aCritica e filologia. Studi e manuali ;$v3 650 4$aLingua italiana - Stilistica.$0(OLS)http://semarc/subject/3985 830 0$aCritica e filologia. Studi e manuali ;$v3.$0(OLS)http://semarc/title/20524 850 $aSeMil 852 $aSeMil$W1$xVenegono$y1$m1O IV 218$j64057$B64057$CSeMilBibl$Z2$F219815 $81 961 $aOmaggio: Altro 996 $6245$aAnalisi stilistica :$bteoria, storia, problemi$9(OLS)http://semarc/title/407322 996 $6260$aMilano :$bFeltrinelli$9(OLS)http://semarc/publisher/30237 LEADER 01502nam a2200325 i 4500 001 000000040844 003 CaOOAMICUS 005 20130703000000.0 008 130703s1994 xx u000 u mul u 013 $a12014 020 $a90-6186-612-X 020 $a90-6831-612-5 040 $aSeMil$bita 100 1 $aBieringer, Reimund.$0(OLS)http://semarc/name/20034 245 10$aStudies on 2 Corinthians /$cBy R. Bieringer and J. Lambrecht. 260 $aLeuven :$bUitgeverij Peeters,$c1994. 260 $aLeuven :$bUniversity Press,$c1994. 300 $aXIX, 632,6 p. ;$c25 cm. 490 0 $aBibliotheca Ephemeridum Theologicarum Lovaniensium ;$v112. 650 4$aBibbia. Nuovo Testamento. Lettera ai Corinzi. 2. - Commentari, studi, critica, interpretazioni.$0(OLS)http://semarc/subject/2859 700 1 $aLambrecht, Jan,$c.$0(OLS)http://semarc/name/20035 830 0$aBibliotheca Ephemeridum Theologicarum Lovaniensium ;$v112.$0(OLS)http://semarc/title/108 850 $aSeMil 852 $aSeMil$W1$xVenegono$y1$m2IA A 112$j6999$B6999$CSeMilBibl$Z2$F6999 $81 961 $aAcquisto: Glossa (Libreria) 996 $6020$a90-6186-612-X$9(OLS)http://semarc/number/11292 996 $6020$a90-6831-612-5$9(OLS)http://semarc/number/11293 996 $6245$aStudies on 2 Corinthians$9(OLS)http://semarc/title/58864 996 $6260$aLeuven :$bUniversity Press$9(OLS)http://semarc/publisher/30124 996 $6260$aLeuven :$bUitgeverij Peeters$9(OLS)http://semarc/publisher/30123